| 000 | 00403cam a2200169ua 4500 | ||
|---|---|---|---|
| 003 | OSt | ||
| 008 | 241101b |||||||| |||| 00| 0 eng d | ||
| 020 | _a0-08-031141-5 | ||
| 041 | _aeng | ||
| 082 |
_a621.47 _bPAR/EN |
||
| 100 |
_aParker, J D . _96354 |
||
| 245 | _aEnergy conservation measures / | ||
| 250 | _a / | ||
| 260 |
_aOxford : _bPergamon Press , _c1984. |
||
| 300 | _a322 ; . | ||
| 942 | _cBK | ||
| 999 |
_c9677 _d9677 |
||